Practical palmistry / (Record no. 101389)

MARC details
000 -LEADER
fixed length control field 00614nam a22002057a 4500
003 - CONTROL NUMBER IDENTIFIER
control field dpl
005 - DATE AND TIME OF LATEST TRANSACTION
control field 20161122124720.0
008 - FIXED-LENGTH DATA ELEMENTS--GENERAL INFORMATION
fixed length control field 160721b xxu||||| |||| 00| 0 eng d
010 ## - LIBRARY OF CONGRESS CONTROL NUMBER
LC control number ENG-115485
020 ## - INTERNATIONAL STANDARD BOOK NUMBER
International Standard Book Number 9788181384350
Terms of availability 175.00
037 ## - SOURCE OF ACQUISITION
Source of stock number/acquisition DBAD/PUB
040 ## - CATALOGING SOURCE
Transcribing agency DBAD/PUB
082 ## - DEWEY DECIMAL CLASSIFICATION NUMBER
Classification number 133.6
100 ## - MAIN ENTRY--PERSONAL NAME
Personal name Shrimali,Narayan Dutt
245 ## - TITLE STATEMENT
Title Practical palmistry /
Statement of responsibility, etc by Narayan Dutt Shrimali
260 ## - PUBLICATION, DISTRIBUTION, ETC. (IMPRINT)
Place of publication, distribution, etc New Delhi
Name of publisher, distributor, etc V & S Publishers
Date of publication, distribution, etc 2014
270 ## - ADDRESS
Address F-2/16, Ansari Road, Daryaganj
City New Delhi
Country India
Postal code 110002
300 ## - PHYSICAL DESCRIPTION
Extent 361p. :
Dimensions 22cm(pbk)
Other physical details ill
942 ## - ADDED ENTRY ELEMENTS (KOHA)
Source of classification or shelving scheme Dewey Decimal Classification
Koha item type English Books
Classification part 133.6
Call number suffix SHR
Holdings
Withdrawn status Lost status Source of classification or shelving scheme Damaged status Not for loan Collection code Home library Current library Date acquired Source of acquisition Total Checkouts Full call number Barcode Date last seen Copy number Price effective from Koha item type Cost, normal purchase price Total Renewals Date checked out Cost, replacement price
    Dewey Decimal Classification     Non-fiction Ashok Vihar Ashok Vihar 21/07/2016 DBAD/PUB 3 133.6 NAR EN-99017 11/07/2024 1 21/07/2016 English Books 175.00 6 04/06/2024 175.00
    Dewey Decimal Classification   Not For Loan Non-fiction D.B.Act.Division D.B.Act.Division 20/07/2016 DBAD/PUB   615.53 AYU EN- 20/07/2016 1 20/07/2016 English Books        

© Delhi Public Library
Hit Counter
free hit counter